000 00488nam a2200181Ia 4500
008 240925s9999 xx 000 0 und d
020 _aNA
082 _a005.8COL
100 _aEric, Cole Rolerd .L
245 0 _aNetwork Security Fundamentals
250 _aNA
260 _aNew York:
_bMc Graw HIll
_c,2008.
300 _axxii,594p.
_bNA
_fPhotocopy
500 _aIncludes Index
600 _aComputer Science
650 _aComputer science, information & general works
942 _cBK
999 _c9865
_d9865